书目信息 |
| 题名: |
21世纪的绿色浪潮
|
|
| 作者: | 幸伟中 编著 | |
| 分册: | ||
| 出版信息: | 北京 冶金工业出版社 1996 |
|
| 页数: | 135页 | |
| 开本: | 18cm | |
| 丛书名: | ||
| 单 册: | ||
| 中图分类: | X37 | |
| 科图分类: | 57.19 | |
| 主题词: | 自然资源保护 | |
| 电子资源: | ||
| ISBN: | 7-5024-1902-0 | |
| 000 | 00575nam0 2200217 45 | |
| 001 | 0197021452 | |
| 005 | 20070725100703.70 | |
| 010 | @a7-5024-1902-0@dCNY10.00 | |
| 100 | @a19970618d1996 em y0chiy0121 ea | |
| 101 | 0 | @achi |
| 102 | @aCN@b110000 | |
| 105 | @ay z 000yy | |
| 200 | 10 | @a21世纪的绿色浪潮@A21 shi ji de lv se lang chao@f幸伟中编著 |
| 210 | @a北京@c冶金工业出版社@d1996 | |
| 215 | @a135页@d18cm | |
| 606 | @a自然资源保护 | |
| 690 | @aX37@v3 | |
| 692 | @a57.19 | |
| 701 | 0 | @a幸伟中@Axing wei zhong@4编著 |
| 801 | 0 | @aCN@bTSSF@c20070725 |
| 905 | @a10447@dX37@e92 | |
| 21世纪的绿色浪潮/幸伟中编著.-北京:冶金工业出版社,1996 |
| 135页;18cm |
| ISBN 7-5024-1902-0:CNY10.00 |
| ● |
| 相关链接 |
|
|
|
|
正题名:21世纪的绿色浪潮
索取号:X37/92
 
预约/预借
| 序号 | 登录号 | 条形码 | 馆藏地/架位号 | 状态 | 备注 |
| 1 | 0769032 | 207690328 | 第二样本阅览室/ [索取号:X37/92] | 在馆 |